Caribbean Countries in Order of Size - Statistics

General Stats
  • This quiz has been taken 30 times
  • The average score is 3 of 14
Answer Stats
Answer % Correct
1 Cuba
100%
2 Dominican Republic
76%
3 Haiti
71%
4 Puerto Rico
38%
5 Bahamas
14%
6 Jamaica
14%
7 Trinidad and Tobago
14%
8 Dominica
5%
9 Saint Lucia
5%
13 Antigua and Barbuda
0%
11 Barbados
0%
12 Grenada
0%
14 Saint Kitts and Nevis
0%
10 Saint Vincent and the Grenadines
0%
No matching quizzes found
Score Distribution
Percent of People with Each Score
Percentile by Number Answered
Your Score History
You have not taken this quiz